Rudimentos de economía política / Eudald Jaumeandreu ; estudi preliminar d'Ernest Lluch
Descripción Física:
17, 354 p. ; 20 cm
Colección:
Clàssics del pensament econòmic català ; 2
Otros Autores:
Lluch, Ernest, 1937-2000
Materias:
Economia
MARC
| LEADER | 00000nam a2200000Ia 4500 | ||
|---|---|---|---|
| 001 | 8284 | ||
| 008 | 160829s1988 xx 000 0 cat d | ||
| 080 | |a M-2-128 | ||
| 100 | |a Jaumeandreu, Eudald |9 28755 | ||
| 245 | |a Rudimentos de economía política / Eudald Jaumeandreu ; estudi preliminar d'Ernest Lluch | ||
| 260 | |a Barcelona : |b Alta Fulla : |b Diputació de Barcelona, |c 1988 | ||
| 300 | |a 17, 354 p. ; |c 20 cm | ||
| 490 | |a Clàssics del pensament econòmic català ; 2 | ||
| 590 | |a Edició facsímil de l'original de 1816 | ||
| 650 | |a Economia |9 31980 | ||
| 700 | |a Lluch, Ernest, |d 1937-2000 |e pròleg |9 23386 | ||
| 901 | |a Arxiu | ||
| 942 | |n 1 |2 udc | ||
| 952 | |0 0 |1 0 |4 0 |6 M2128 |7 1 |9 44931 |a Arxiu |b Arxiu |d 2016-12-01 |l 0 |o M-2-128 |p 8284 |r 2016-12-01 00:00:00 |w 2016-12-01 |y ARXIU | ||
| 999 | |c 47530 |d 47530 | ||